000 01347cam a22003614i 4500
003 PE-LiUPU
005 20250731184051.0
008 150617s r 000 0 d
035 _a(Sirsi) a16298
040 _aPE-LiUPU
_bspa
_cPE-LiUPU
_erda
049 _aPRUA
082 0 4 _a801
_bR378t
_223
100 1 _aReisz de Rivarola, Susana,
_eautor.
245 1 0 _aTeoría literaria :
_buna propuesta /
_cSusana Reisz de Rivarola.
264 1 _aLima :
_bPontificia Universidad Católica del Perú,
_c1986.
300 _a227 páginas ;
_c22 cm
336 _atext
_2rdacontent
337 _aunmediated
_2rdamedia
338 _avolume
_2rdacarrier
504 _anotas bibliográficas.
505 0 _aLa opinión común sobre la literatura -- El sistema literario: textos, comunicación, contextos -- Literatura y poesía -- El acto de leer -- En las fronteras de lo literario -- Los géneros literarios -- Literatura y ficción -- Poesía y ficción.
526 _aP145
526 _aP127
526 _aP97
526 _aP14
526 _aP07
650 1 7 _aLiteratura
_93
_xFilosofía
910 _ajck
942 _2ddc
_cBK
949 _wDEWEY
_c1
_i28291
_lCCODEBUL1
_mBUL
_r0
_sY
_tBOOK
_u2015-04-21
_xBIBLIOTECA
_zUNKNOWN
_0COMPRA
_o.STAFF. Colección General
980 _81
_gALBERTO SANCHEZ Responsable de Automatización
999 _c11890
_d11890